000 00475cam a22001812 4500
001 0000001039
005 20170406113058.0
008 131122s xx 000 0 eng d
020 _c$
040 _aYour Holding Symbol
_cYour Holding Symbol
100 1 _aColeman,Gary J.
245 1 2 _aA look at memonism.
250 _a ed.
260 _aUtah :
_bHawkes publishing inc,
_c1980.
300 _a136 p. ;
_c cm.
650 0 _ahistory.
908 _a131122
999 _c958
_d958